gelukstester - Statistieken

Algemene statistieken
  • Deze quiz is 55 keer genomen
  • De gemiddelde score is 7 van 27
Answers on the Grid
Answers color-coded by a green-red scale on the quiz's grid according to % correct below.
🍀
🍀
🍀
🍀
🍀
🍀
🍀
🍀
🍀
🍀
🍀
🍀
🍀
🍀
🍀
🍀
🍀
🍀
🍀
🍀
🍀
🍀
🍀
🍀
🍀
🍀
🍀
🍀
🍀
🍀
 
Antwoordstatistieken
Antwoord % Correct
🍀
55%
🍀
40%
🍀
40%
🍀
35%
🍀
35%
🍀
35%
🍀
35%
🍀
35%
🍀
30%
🍀
30%
🍀
25%
🍀
25%
🍀
25%
🍀
25%
🍀
25%
🍀
25%
🍀
25%
🍀
25%
🍀
25%
🍀
25%
🍀
20%
🍀
20%
🍀
20%
🍀
15%
🍀
10%
🍀
10%
🍀
10%
Geen overeenkomende quizzen gevonden
Scoreverdeling
Procent van Mensen met Elke Score
Percentiel versus Aantal Correcte Antwoorden
Uw Scoregeschiedenis
U heeft deze quiz nog niet genomen